{"text_format":"3","workbook":"xlsx","n_sheets":1,"sheets":["t383"],"read":"whole","date_system":"1900"}

{"sheet":"t383","index":0,"n_rows":186,"n_cols":7,"rows_kept":186,"merged":[[0,0,0,6],[30,0,30,5],[48,0,48,5],[150,0,150,5]]}
["TABELA 383.1 - Estatísticas Agrícolas, Município de Orlândia, Estado de São Paulo, 2007/08."]
["ITEM","UNIDADE","N.DE UPAs","MÍNIMO","MÉDIO","MÁXIMO","TOTAL"]
["Distância à sede do município","km",143,{"v":1,"d":"1.0"},{"v":7.65,"d":"7.7"},{"v":23,"d":"23.0"},"-"]
["Área total","hectare",143,2.1,{"v":193.34,"d":"193.3"},{"v":3182.6,"d":"3,182.6"},{"v":27647.1,"d":"27,647.1"}]
["Área com cultura perene","hectare",18,0.6,{"v":11.72,"d":"11.7"},{"v":67,"d":"67.0"},{"v":211,"d":"211.0"}]
["Área com cultura temporária","hectare",105,0.5,{"v":198.24,"d":"198.2"},{"v":2433.1,"d":"2,433.1"},{"v":20814.8,"d":"20,814.8"}]
["Área com pastagem","hectare",100,0.2,{"v":37.39,"d":"37.4"},467.5,{"v":3739.3,"d":"3,739.3"}]
["Área com reflorestamento","hectare",8,0.4,{"v":5.51,"d":"5.5"},24.2,44.1]
["Área com vegetação natural","hectare",83,0.1,{"v":19.38,"d":"19.4"},266.8,{"v":1608.4,"d":"1,608.4"}]
["Área com vegetação de brejo e várzea","hectare",1,0.5,0.5,0.5,0.5]
["Área em descanso","hectare",16,0.4,{"v":9.88,"d":"9.9"},52.9,{"v":158,"d":"158.0"}]
["Área complementar","hectare",122,0.1,{"v":8.78,"d":"8.8"},102.4,{"v":1071,"d":"1,071.0"}]
["Área das UPAs com (0, 1] ha","hectare","-","-","-","-","-"]
["Área das UPAs com (1, 2] ha","hectare","-","-","-","-","-"]
["Área das UPAs com (2, 5] ha","hectare",29,2.1,3.6,{"v":5,"d":"5.0"},104.5]
["Área das UPAs com (5, 10] ha","hectare",18,6.5,{"v":8.11,"d":"8.1"},9.8,{"v":146,"d":"146.0"}]
["Área das UPAs com (10, 20] ha","hectare",18,10.4,{"v":14.53,"d":"14.5"},19.2,261.5]
["Área das UPAs com (20, 50] ha","hectare",20,22.8,{"v":34.77,"d":"34.8"},{"v":50,"d":"50.0"},695.3]
["Área das UPAs com (50, 100] ha","hectare",14,{"v":52,"d":"52.0"},{"v":69.74,"d":"69.7"},97.8,976.3]
["Área das UPAs com (100, 200] ha","hectare",13,101.6,{"v":156.12,"d":"156.1"},199.1,{"v":2029.5,"d":"2,029.5"}]
["Área das UPAs com (200, 500] ha","hectare",11,230.2,{"v":319.63,"d":"319.6"},496.1,{"v":3515.9,"d":"3,515.9"}]
["Área das UPAs com (500, 1.000] ha","hectare",14,505.7,{"v":693.86,"d":"693.9"},892.8,{"v":9714.1,"d":"9,714.1"}]
["Área das UPAs com (1.000, 2.000] ha","hectare",4,{"v":1129.5,"d":"1,129.5"},{"v":1250.53,"d":"1,250.5"},{"v":1359.1,"d":"1,359.1"},{"v":5002.1,"d":"5,002.1"}]
["Área das UPAs com (2.000, 5.000] ha","hectare",2,{"v":2019.3,"d":"2,019.3"},{"v":2600.95,"d":"2,601.0"},{"v":3182.6,"d":"3,182.6"},{"v":5201.9,"d":"5,201.9"}]
["Área das UPAs com (5.000, 10.000] ha","hectare","-","-","-","-","-"]
["Área das UPAs acima de 10.000 ha","hectare","-","-","-","-","-"]
["Familiares do proprietário que trabalham na UPA","unidade",79,{"v":1,"d":"1.0"},{"v":1.42,"d":"1.4"},{"v":5,"d":"5.0"},{"v":112,"d":"112.0"}]
["Trabalhadores permanentes","unidade",63,{"v":1,"d":"1.0"},{"v":5.29,"d":"5.3"},{"v":28,"d":"28.0"},{"v":333,"d":"333.0"}]
["Fonte: Secretaria de Agricultura e Abastecimento, CDRS/IEA, Projeto LUPA."]
[]
["TABELA 383.2 - Explorações Animais, Município de Orlândia, Estado de São Paulo, 2007/08."]
["ITEM","UNIDADE","N.DE UPAs","MÍNIMO","MÉDIO","MÁXIMO","TOTAL"]
["Apicultura","colmeias",1,{"v":2,"d":"2.0"},{"v":2,"d":"2.0"},{"v":2,"d":"2.0"},{"v":2,"d":"2.0"}]
["Asininos E Muares","cabeças",6,{"v":1,"d":"1.0"},{"v":2.67,"d":"2.7"},{"v":8,"d":"8.0"},{"v":16,"d":"16.0"}]
["Avicultura de Corte","cabeças/ano",10,{"v":100,"d":"100.0"},{"v":175910,"d":"175,910.0"},{"v":590000,"d":"590,000.0"},{"v":1759100,"d":"1,759,100.0"}]
["Avicultura Ornamental/Decorativa/Exótica","cabeças",2,{"v":10,"d":"10.0"},{"v":30,"d":"30.0"},{"v":50,"d":"50.0"},{"v":60,"d":"60.0"}]
["Avicultura para Ovos","cabeças",5,{"v":20,"d":"20.0"},{"v":446,"d":"446.0"},{"v":2000,"d":"2,000.0"},{"v":2230,"d":"2,230.0"}]
["Bovinocultura de Corte","cabeças",6,{"v":10,"d":"10.0"},{"v":116.33,"d":"116.3"},{"v":435,"d":"435.0"},{"v":698,"d":"698.0"}]
["Bovinocultura Leiteira","cabeças",13,{"v":2,"d":"2.0"},{"v":19.54,"d":"19.5"},{"v":54,"d":"54.0"},{"v":254,"d":"254.0"}]
["Bovinocultura Mista","cabeças",39,{"v":1,"d":"1.0"},{"v":91.15,"d":"91.2"},{"v":740,"d":"740.0"},{"v":3555,"d":"3,555.0"}]
["Caprinocultura","cabeças",1,{"v":50,"d":"50.0"},{"v":50,"d":"50.0"},{"v":50,"d":"50.0"},{"v":50,"d":"50.0"}]
["Cunicultura","cabeças",1,{"v":50,"d":"50.0"},{"v":50,"d":"50.0"},{"v":50,"d":"50.0"},{"v":50,"d":"50.0"}]
["Equinocultura","cabeças",35,{"v":1,"d":"1.0"},41.8,{"v":312,"d":"312.0"},{"v":1463,"d":"1,463.0"}]
["Ovinocultura","cabeças",8,{"v":12,"d":"12.0"},{"v":29,"d":"29.0"},{"v":70,"d":"70.0"},{"v":232,"d":"232.0"}]
["Piscicultura","m² tanques",2,{"v":1500,"d":"1,500.0"},{"v":25750,"d":"25,750.0"},{"v":50000,"d":"50,000.0"},{"v":51500,"d":"51,500.0"}]
["Suinocultura","cabeças",11,{"v":7,"d":"7.0"},{"v":20.91,"d":"20.9"},{"v":40,"d":"40.0"},{"v":230,"d":"230.0"}]
["Fonte: Secretaria de Agricultura e Abastecimento, CDRS/IEA, Projeto LUPA."]
[]
["TABELA 383.3 -  Máquinas, Implementos e Benfeitorias, Município de Orlândia, Estado de São Paulo, 2007/08."]
["ITEM","UNIDADE","N.DE UPAs","MÍNIMO","MÉDIO","MÁXIMO","TOTAL"]
["Arado Comum (Bacia, Aiveca)","Unidade",26,{"v":1,"d":"1.0"},{"v":1.73,"d":"1.7"},{"v":4,"d":"4.0"},{"v":45,"d":"45.0"}]
["Arado Escarificador","Unidade",15,{"v":1,"d":"1.0"},{"v":1.27,"d":"1.3"},{"v":3,"d":"3.0"},{"v":19,"d":"19.0"}]
["Arado Subsolador","Unidade",11,{"v":1,"d":"1.0"},{"v":1.36,"d":"1.4"},{"v":3,"d":"3.0"},{"v":15,"d":"15.0"}]
["Batedeira de Cereais","Unidade",1,{"v":1,"d":"1.0"},{"v":1,"d":"1.0"},{"v":1,"d":"1.0"},{"v":1,"d":"1.0"}]
["Carregadeira de Cana","Unidade",7,{"v":1,"d":"1.0"},{"v":1.57,"d":"1.6"},{"v":3,"d":"3.0"},{"v":11,"d":"11.0"}]
["Colhedeira Automotriz","Unidade",8,{"v":1,"d":"1.0"},{"v":1,"d":"1.0"},{"v":1,"d":"1.0"},{"v":8,"d":"8.0"}]
["Conj.Irrigação Autopropelido","Unidade",2,{"v":1,"d":"1.0"},1.5,{"v":2,"d":"2.0"},{"v":3,"d":"3.0"}]
["Conj.Irrigação Convencional","Unidade",6,{"v":1,"d":"1.0"},{"v":1,"d":"1.0"},{"v":1,"d":"1.0"},{"v":6,"d":"6.0"}]
["Conj.Irrigação/Gotejamento/Microaspersão","Unidade",3,{"v":1,"d":"1.0"},{"v":1,"d":"1.0"},{"v":1,"d":"1.0"},{"v":3,"d":"3.0"}]
["Conjunto de Fenação","Unidade",5,{"v":1,"d":"1.0"},1.2,{"v":2,"d":"2.0"},{"v":6,"d":"6.0"}]
["Desintegrador de Palha (Plantio Direto)","Unidade",1,{"v":1,"d":"1.0"},{"v":1,"d":"1.0"},{"v":1,"d":"1.0"},{"v":1,"d":"1.0"}]
["Desintegrador, Picador, Triturador","Unidade",49,{"v":1,"d":"1.0"},{"v":1.49,"d":"1.5"},{"v":6,"d":"6.0"},{"v":73,"d":"73.0"}]
["Distribuidor de Calcário","Unidade",15,{"v":1,"d":"1.0"},{"v":1.07,"d":"1.1"},{"v":2,"d":"2.0"},{"v":16,"d":"16.0"}]
["Ensiladeira","Unidade",6,{"v":1,"d":"1.0"},{"v":1.33,"d":"1.3"},{"v":2,"d":"2.0"},{"v":8,"d":"8.0"}]
["Grade Aradora (Tipo Romi)","Unidade",19,{"v":1,"d":"1.0"},{"v":1.68,"d":"1.7"},{"v":4,"d":"4.0"},{"v":32,"d":"32.0"}]
["Grade Niveladora","Unidade",24,{"v":1,"d":"1.0"},{"v":1.58,"d":"1.6"},{"v":6,"d":"6.0"},{"v":38,"d":"38.0"}]
["Implementos para Tração Animal","Unidade",1,{"v":6,"d":"6.0"},{"v":6,"d":"6.0"},{"v":6,"d":"6.0"},{"v":6,"d":"6.0"}]
["Microtrator","Unidade",7,{"v":1,"d":"1.0"},{"v":1.14,"d":"1.1"},{"v":2,"d":"2.0"},{"v":8,"d":"8.0"}]
["Misturador de Ração","Unidade",8,{"v":1,"d":"1.0"},{"v":1.25,"d":"1.3"},{"v":3,"d":"3.0"},{"v":10,"d":"10.0"}]
["Ordenhadeira Mecânica","Unidade",6,{"v":1,"d":"1.0"},{"v":1,"d":"1.0"},{"v":1,"d":"1.0"},{"v":6,"d":"6.0"}]
["Pulverizador Tratorizado","Unidade",23,{"v":1,"d":"1.0"},{"v":1.74,"d":"1.7"},{"v":4,"d":"4.0"},{"v":40,"d":"40.0"}]
["Resfriador de Leite, Tanque Expansão","Unidade",3,{"v":1,"d":"1.0"},{"v":1.33,"d":"1.3"},{"v":2,"d":"2.0"},{"v":4,"d":"4.0"}]
["Semeadeira/Adubadeira para Plantio Convencional","Unidade",18,{"v":1,"d":"1.0"},{"v":1.39,"d":"1.4"},{"v":3,"d":"3.0"},{"v":25,"d":"25.0"}]
["Semeadeira/Plantadeira Plantio Direto","Unidade",5,{"v":1,"d":"1.0"},1.2,{"v":2,"d":"2.0"},{"v":6,"d":"6.0"}]
["Terraceador","Unidade",7,{"v":1,"d":"1.0"},{"v":1.29,"d":"1.3"},{"v":2,"d":"2.0"},{"v":9,"d":"9.0"}]
["Trator de Esteiras","Unidade",2,{"v":1,"d":"1.0"},{"v":1,"d":"1.0"},{"v":1,"d":"1.0"},{"v":2,"d":"2.0"}]
["Trator de Pneus","Unidade",52,{"v":1,"d":"1.0"},{"v":2.35,"d":"2.4"},{"v":11,"d":"11.0"},{"v":122,"d":"122.0"}]
["Açude/Represa","Unidade",32,{"v":1,"d":"1.0"},{"v":1.63,"d":"1.6"},{"v":4,"d":"4.0"},{"v":52,"d":"52.0"}]
["Almoxarifado/Oficina","Unidade",18,{"v":1,"d":"1.0"},{"v":1.28,"d":"1.3"},{"v":3,"d":"3.0"},{"v":23,"d":"23.0"}]
["Armazém para Grãos Ensacados","Sacas",17,{"v":2,"d":"2.0"},{"v":1217.76,"d":"1,217.8"},{"v":8000,"d":"8,000.0"},{"v":20702,"d":"20,702.0"}]
["Balança para Bovinos","Unidade",12,{"v":1,"d":"1.0"},{"v":1,"d":"1.0"},{"v":1,"d":"1.0"},{"v":12,"d":"12.0"}]
["Balança para Veículos","Unidade",3,{"v":1,"d":"1.0"},{"v":1,"d":"1.0"},{"v":1,"d":"1.0"},{"v":3,"d":"3.0"}]
["Barracão para Granja/Avicultura","Unidade",15,{"v":1,"d":"1.0"},1.8,{"v":5,"d":"5.0"},{"v":27,"d":"27.0"}]
["Barracão/Galpão/Garagem","Unidade",61,{"v":1,"d":"1.0"},{"v":1.59,"d":"1.6"},{"v":6,"d":"6.0"},{"v":97,"d":"97.0"}]
["Casa de Moradia Habitada","Unidade",89,{"v":1,"d":"1.0"},{"v":3.39,"d":"3.4"},{"v":22,"d":"22.0"},{"v":302,"d":"302.0"}]
["Casa de Moradia Total","Unidade",99,{"v":1,"d":"1.0"},{"v":3.86,"d":"3.9"},{"v":22,"d":"22.0"},{"v":382,"d":"382.0"}]
["Curral/Mangueira","Unidade",73,{"v":1,"d":"1.0"},{"v":1.19,"d":"1.2"},{"v":4,"d":"4.0"},{"v":87,"d":"87.0"}]
["Depósito/Tulha","Unidade",33,{"v":1,"d":"1.0"},{"v":1.03,"d":"1.0"},{"v":2,"d":"2.0"},{"v":34,"d":"34.0"}]
["Estábulo","Unidade",25,{"v":1,"d":"1.0"},{"v":1.28,"d":"1.3"},{"v":5,"d":"5.0"},{"v":32,"d":"32.0"}]
["Estufa/Plasticultura","m²",2,{"v":4,"d":"4.0"},{"v":47,"d":"47.0"},{"v":90,"d":"90.0"},{"v":94,"d":"94.0"}]
["Fábrica de Ração","Unidade",5,{"v":1,"d":"1.0"},{"v":1,"d":"1.0"},{"v":1,"d":"1.0"},{"v":5,"d":"5.0"}]
["Instalações para Equinos","Unidade",15,{"v":1,"d":"1.0"},5.6,{"v":18,"d":"18.0"},{"v":84,"d":"84.0"}]
["Máquina de Benefício","Unidade",8,{"v":1,"d":"1.0"},{"v":1.38,"d":"1.4"},{"v":2,"d":"2.0"},{"v":11,"d":"11.0"}]
["Pocilga","Unidade",24,{"v":1,"d":"1.0"},{"v":1.17,"d":"1.2"},{"v":4,"d":"4.0"},{"v":28,"d":"28.0"}]
["Poço Semi-Artesiano","Unidade",36,{"v":1,"d":"1.0"},{"v":1.03,"d":"1.0"},{"v":2,"d":"2.0"},{"v":37,"d":"37.0"}]
["Secador de Grãos","Unidade",4,{"v":1,"d":"1.0"},{"v":2,"d":"2.0"},{"v":4,"d":"4.0"},{"v":8,"d":"8.0"}]
["Silo para Grãos","t",3,{"v":1,"d":"1.0"},{"v":40.33,"d":"40.3"},{"v":60,"d":"60.0"},{"v":121,"d":"121.0"}]
["Silo para Silagem","t",9,{"v":1,"d":"1.0"},{"v":412.78,"d":"412.8"},{"v":2500,"d":"2,500.0"},{"v":3715,"d":"3,715.0"}]
["Terreiro","m²",15,{"v":100,"d":"100.0"},{"v":5346.27,"d":"5,346.3"},{"v":15000,"d":"15,000.0"},{"v":80194,"d":"80,194.0"}]
["Fonte: Secretaria de Agricultura e Abastecimento, CDRS/IEA, Projeto LUPA."]
[]
["TABELA 383.4 - Outras Estatísticas Agrícolas, Município de Orlândia, Estado de São Paulo, 2007/08."]
["ITEM","Número de UPAs",null,"Percentual"]
["Faz Parte de Associação de Produtores",73,null,{"v":51.04895104895105,"d":"51.0"}]
["Faz Parte de Cooperativa de Produtores",96,null,{"v":67.13286713286713,"d":"67.1"}]
["Faz Parte do Sindicato de Produtores",58,null,{"v":40.55944055944056,"d":"40.6"}]
["Não utiliza assistência técnica ",7,null,{"v":4.895104895104895,"d":"4.9"}]
["Utiliza somente assistência técnica governamental ",30,null,{"v":20.97902097902098,"d":"21.0"}]
["Utiliza somente assistência técnica privada ",7,null,{"v":4.895104895104895,"d":"4.9"}]
["Utiliza assistência técnica tanto governamental quanto privada",99,null,{"v":69.23076923076923,"d":"69.2"}]
["Utiliza Crédito Rural",32,null,{"v":22.377622377622377,"d":"22.4"}]
["Utiliza Seguro Rural",6,null,{"v":4.195804195804197,"d":"4.2"}]
["Utiliza Escrituração Agrícola",84,null,{"v":58.74125874125875,"d":"58.7"}]
["Acessa Internet p/ Fins na Agropecuária",48,null,{"v":33.56643356643357,"d":"33.6"}]
["Utiliza Computador nas Atividades Agropecuárias",62,null,{"v":43.35664335664335,"d":"43.4"}]
["Utiliza Energia Elétrica Para Uso na Atividade Agrícola",133,null,{"v":93.006993006993,"d":"93.0"}]
["Realiza Análise de Solo, quando necessário",24,null,{"v":16.783216783216783,"d":"16.8"}]
["Utiliza Práticas de Conservação de Solo, quando necessário",136,null,{"v":95.1048951048951,"d":"95.1"}]
["Faz Adubação Mineral, quando necessário",87,null,{"v":60.83916083916083,"d":"60.8"}]
["Faz Adubação Orgânica, quando necessário",61,null,{"v":42.65734265734266,"d":"42.7"}]
["Faz Adubação Verde, quando necessário",6,null,{"v":4.195804195804197,"d":"4.2"}]
["Utiliza Manejo Integrado de Pragas (MIP)",3,null,{"v":2.0979020979020984,"d":"2.1"}]
["Utiliza Hidroponia","-",null,"-"]
["Utiliza Plasticultura",3,null,{"v":2.0979020979020984,"d":"2.1"}]
["Utiliza Mudas Fiscalizadas",43,null,{"v":30.069930069930066,"d":"30.1"}]
["Utiliza Semente Melhorada",74,null,{"v":51.748251748251754,"d":"51.7"}]
["Faz Confinamento de Bovinos",11,null,{"v":7.6923076923076925,"d":"7.7"}]
["Utiliza Pastejo Intensivo",22,null,{"v":15.384615384615383,"d":"15.4"}]
["Faz Inseminação Artificial",7,null,{"v":4.895104895104896,"d":"4.9"}]
["Faz Mineralização do Rebanho",59,null,{"v":41.25874125874125,"d":"41.3"}]
["Faz Vermifugação do Rebanho",59,null,{"v":41.25874125874125,"d":"41.3"}]
["Possui Parceiros /Arrendatários na Exploração Animal",19,null,{"v":13.286713286713287,"d":"13.3"}]
["Esporte e lazer",1,null,{"v":0.6993006993006994,"d":"0.7"}]
["Extração mineral","-",null,"-"]
["Hotel Fazenda, Pousada ou SPA","-",null,"-"]
["Pesque-pague","-",null,"-"]
["Restaurante ou Lanchonete","-",null,"-"]
["Transformação artesanal","-",null,"-"]
["Turismo rural ou ecoturismo","-",null,"-"]
["Outras atividades econômicas rurais","-",null,"-"]
["Agroindústria","-",null,"-"]
["Proprietário sem instrução ou com instrução incompleta",7,null,{"v":4.895104895104896,"d":"4.9"}]
["Proprietário com antigo primário completo",25,null,{"v":17.482517482517483,"d":"17.5"}]
["Proprietário com 1° grau (ou antigo ginasial) completo",20,null,{"v":13.986013986013987,"d":"14.0"}]
["Proprietário com 2° grau (ou antigo colegial) completo",38,null,{"v":26.573426573426573,"d":"26.6"}]
["Proprietário com curso superior completo ",52,null,{"v":36.36363636363637,"d":"36.4"}]
["Pessoa Jurídica",1,null,{"v":0.6993006993006994,"d":"0.7"}]
["Proprietário residente na própria UPA ",25,null,{"v":17.482517482517483,"d":"17.5"}]
["Fonte: Secretaria de Agricultura e Abastecimento, CDRS/IEA, Projeto LUPA."]
[]
["TABELA 383.5 - Área Cultivada, Município de Orlândia, Estado de São Paulo, 2007/08."]
["CULTURA","N.DE UPAs","MÍNIMO","MÉDIO","MÁXIMO","TOTAL"]
["Cana-de-acucar",89,0.6,{"v":225.61,"d":"225.6"},{"v":2433.1,"d":"2,433.1"},{"v":20078.9,"d":"20,078.9"}]
["Braquiaria",93,0.2,{"v":27.71,"d":"27.7"},440.2,{"v":2577.2,"d":"2,577.2"}]
["Soja",16,6.8,{"v":102.46,"d":"102.5"},{"v":726,"d":"726.0"},{"v":1639.4,"d":"1,639.4"}]
["Coloniao",8,2.9,{"v":80.84,"d":"80.8"},247.1,646.7]
["Gramas",10,0.3,{"v":42.96,"d":"43.0"},175.5,429.6]
["Cafe",10,1.8,{"v":15.67,"d":"15.7"},{"v":67,"d":"67.0"},156.7]
["Eucalipto",8,0.4,{"v":5.51,"d":"5.5"},24.2,44.1]
["Seringueira",1,33.8,33.8,33.8,33.8]
["Capim-jaragua",2,{"v":10,"d":"10.0"},{"v":15.05,"d":"15.1"},20.1,30.1]
["Sorgo",2,13.5,{"v":14,"d":"14.0"},14.5,{"v":28,"d":"28.0"}]
["Milho",10,0.6,2.5,4.8,{"v":25,"d":"25.0"}]
["Outras gramineas para pastagem",1,24.2,24.2,24.2,24.2]
["Outras leguminosas para pastagem",1,16.9,16.9,16.9,16.9]
["Capim-napier (ou capim-elefante)",8,0.2,{"v":1.83,"d":"1.8"},5.4,14.6]
["Milho Safrinha",1,12.1,12.1,12.1,12.1]
["Laranja",3,{"v":1,"d":"1.0"},3.4,{"v":8,"d":"8.0"},10.2]
["Limao",3,0.3,2.6,{"v":6,"d":"6.0"},7.8]
["Batata-doce",2,0.7,{"v":1.85,"d":"1.9"},{"v":3,"d":"3.0"},3.7]
["Berinjela",3,0.2,{"v":1.23,"d":"1.2"},{"v":3,"d":"3.0"},3.7]
["Outras olericolas",2,0.3,1.5,2.7,{"v":3,"d":"3.0"}]
["Alface",4,0.1,{"v":0.73,"d":"0.7"},1.5,2.9]
["Mandioca",2,0.5,{"v":0.75,"d":"0.8"},{"v":1,"d":"1.0"},1.5]
["Quiabo",2,0.5,0.7,0.9,1.4]
["Pomar domestico",2,0.6,{"v":0.65,"d":"0.7"},0.7,1.3]
["Banana",1,1.2,1.2,1.2,1.2]
["Abobora (ou jerimum)",3,0.3,{"v":0.33,"d":"0.3"},0.4,{"v":1,"d":"1.0"}]
["Feijao",1,0.6,0.6,0.6,0.6]
["Brocolos (ou brocolis)",1,0.5,0.5,0.5,0.5]
["Repolho",1,0.4,0.4,0.4,0.4]
["Chicoria (ou chicoria-de-folha-crespa)",1,0.3,0.3,0.3,0.3]
["Feijao-vagem (ou vagem, ou feijao-verde)",2,0.1,{"v":0.15,"d":"0.2"},0.2,0.3]
["Jilo",1,0.2,0.2,0.2,0.2]
["Couve (ou couve-crespa)",1,0.2,0.2,0.2,0.2]
["Fonte: Secretaria de Agricultura e Abastecimento, CDRS/IEA, Projeto LUPA."]